[Event "Weekend Accademia A Inverno"]
[Site "Roma ITA"]
[Date "2007.02.04"]
[Round "5"]
[White "Gatta, Flavio"]
[Black "Iacoacci, Giancarlo"]
[Result "1/2-1/2"]
[WhiteElo "1837"]
[BlackElo "1796"]
[PlyCount "120"]
[EventDate "2007.02.02"]

1. e4 c6 2. d4 d5 3. exd5 cxd5 4. c4 Nf6 5. Nf3 Bg4 6. c5 Nc6 7. Be3 e6 8. Be2
Bxf3 9. Bxf3 Be7 10. a3 b5 11. b4 a5 12. bxa5 Qxa5+ 13. Qd2 Qxd2+ 14. Nxd2 b4
15. a4 e5 16. dxe5 Nxe5 17. Be2 O-O 18. Bb5 Rfc8 19. Nb3 Nc4 20. Bd4 Ne4 21.
O-O Nxc5 22. Nxc5 Bxc5 23. Bxc5 Rxc5 24. Rfd1 b3 25. Rab1 b2 26. Bxc4 Rxc4 27.
Rxb2 Rcxa4 28. Rbd2 d4 29. Kf1 Rd8 30. Ke2 f5 31. Rd3 Kf7 32. Kf3 Kf6 33. Rb1
Rd6 34. h4 Rc4 35. Rbd1 h6 36. R1d2 g5 37. h5 Ke5 38. Re2+ Kd5 39. Red2 Re6 40.
Ra3 Re4 41. g3 g4+ 42. Kg2 Re6 43. Ra5+ Rc5 44. Ra4 Re4 45. Ra8 Rc6 46. Rd8+
Rd6 47. Ra8 Ke5 48. Ra5+ Kf6 49. Ra8 Kg5 50. Rd1 Kxh5 51. Rg8 Rg6 52. Rh1+ Kg5
53. Rd8 f4 54. gxf4+ Rxf4 55. Rd5+ Rf5 56. Rxd4 Rgf6 57. Rd2 h5 58. Re1 h4 59.
Re3 h3+ 60. Kg1 Kh4 1/2-1/2

[Event "Weekend Accademia A Inverno"]
[Site "Roma ITA"]
[Date "2007.02.04"]
[Round "5"]
[White "Lisi, Davide"]
[Black "Elia, Alessio"]
[Result "1-0"]
[WhiteElo "1951"]
[BlackElo "1713"]
[PlyCount "101"]
[EventDate "2007.02.02"]

1. Nf3 d6 2. g3 g6 3. Bg2 Bg7 4. d3 e5 5. c3 Ne7 6. h4 h5 7. Qb3 O-O 8. Ng5 c6
9. Nd2 Nd7 10. O-O Nc5 11. Qc2 Ne6 12. Ndf3 Nd5 13. Nxe6 Bxe6 14. Ng5 Bd7 15.
b4 Nf6 16. a4 Qc7 17. Ba3 Nh7 18. Ne4 Rfe8 19. b5 Bf8 20. Rfb1 f5 21. Nd2 d5
22. Bxf8 Kxf8 23. Qa2 Nf6 24. Nf3 Ng4 25. e4 Be6 26. Ng5 Bg8 27. exd5 Qd6 28.
bxc6 bxc6 29. Ne6+ Bxe6 30. dxe6 Rxe6 31. Rb7 Re7 32. Rab1 Rae8 33. Qc4 e4 34.
Rxe7 Rxe7 35. dxe4 Ne5 36. Qd4 Qxd4 37. cxd4 Ng4 38. exf5 gxf5 39. Bxc6 Rc7 40.
Bf3 Rc4 41. Bxg4 fxg4 42. Rb8+ Ke7 43. Rb7+ Ke6 44. Rxa7 Rxd4 45. Kg2 Kd6 46.
Ra5 Ke6 47. Ra8 Rd5 48. a5 Kd7 49. a6 Ra5 50. a7 Ke6 51. Re8+ 1-0

[Event "Weekend Accademia A Inverno"]
[Site "Roma ITA"]
[Date "2007.02.04"]
[Round "5"]
[White "Proietti, Giorgio"]
[Black "Occhipinti, Massimo"]
[Result "1/2-1/2"]
[WhiteElo "1881"]
[BlackElo "2030"]
[PlyCount "99"]
[EventDate "2007.02.02"]

1. d4 Nf6 2. c4 g6 3. Nc3 Bg7 4. e4 d6 5. Nf3 O-O 6. Be2 Nbd7 7. O-O e5 8. dxe5
dxe5 9. Be3 h6 10. Ne1 c6 11. f3 Qe7 12. Qc2 Nc5 13. Nd3 Nfd7 14. Nxc5 Nxc5 15.
Bxc5 Qxc5+ 16. Kh1 Be6 17. b3 Rad8 18. Rad1 Rd4 19. Na4 Qb4 20. Qc3 Qxc3 21.
Nxc3 Rfd8 22. Rfe1 Bf6 23. Nb1 Be7 24. Rxd4 exd4 25. Rd1 Kg7 26. Bd3 g5 27. Kg1
h5 28. g3 Bd6 29. Kf2 Bh3 30. Rd2 f6 31. Rd1 f5 32. exf5 Kf6 33. Nd2 Bxf5 34.
Ne4+ Bxe4 35. Bxe4 a5 36. Ke2 Bc5 37. a4 Re8 38. Kd3 Re7 39. Rf1 Ba7 40. f4 g4
41. h4 c5 42. Rf2 Bb8 43. Rf1 Bd6 44. Rf2 Re6 45. Re2 Be7 46. Bd5 Rxe2 47. Kxe2
b6 48. Kd3 Kf5 49. Be4+ Kf6 50. Bd5 1/2-1/2

[Event "Weekend Accademia A Inverno"]
[Site "Roma ITA"]
[Date "2007.02.04"]
[Round "5"]
[White "Ruotolo, Claudio"]
[Black "Prudenzano, Ruggero"]
[Result "0-1"]
[WhiteElo "1837"]
[BlackElo "1820"]
[PlyCount "76"]
[EventDate "2007.02.02"]

1. c4 e5 2. Nc3 Nf6 3. g3 Nc6 4. Bg2 Bb4 5. Nd5 Nxd5 6. cxd5 Ne7 7. a3 Ba5 8.
Qa4 Bb6 9. Nf3 Ng6 10. d4 exd4 11. Nxd4 O-O 12. O-O d6 13. Be3 Re8 14. Qc2 Bg4
15. Nb5 Bxe3 16. fxe3 a6 17. Qxc7 axb5 18. Qxf7+ Kh8 19. Qxb7 Rb8 20. Qa7 Re7
21. Qd4 Bxe2 22. Rf2 Bc4 23. Bh3 Qb6 24. Qxb6 Rxb6 25. Be6 Rb8 26. b3 Bxb3 27.
Rb1 Bc4 28. a4 b4 29. h4 b3 30. h5 Ne5 31. Ra2 Ree8 32. Ra3 b2 33. Bf5 Bxd5 34.
a5 Nf3+ 35. Kf2 Nd2 36. a6 Nxb1 37. Bxb1 Be4 38. a7 Bxb1 0-1

[Event "Weekend Accademia A Inverno"]
[Site "Roma ITA"]
[Date "2007.02.04"]
[Round "5"]
[White "Sautto, Daniele"]
[Black "Bove, Alessandro"]
[Result "1/2-1/2"]
[WhiteElo "2157"]
[BlackElo "2087"]
[PlyCount "32"]
[EventDate "2007.02.02"]

1. e4 c5 2. c3 b6 3. d4 Bb7 4. Bd3 e6 5. Nf3 d5 6. e5 b5 7. O-O Be7 8. Ne1 g6
9. f4 h5 10. Nf3 Nh6 11. Ng5 Nf5 12. Qe1 Nc6 13. Nd2 Bxg5 14. fxg5 Qb6 15. Nf3
b4 16. Bd2 Ba6 1/2-1/2

[Event "Weekend Accademia A Inverno"]
[Site "Roma ITA"]
[Date "2007.02.04"]
[Round "5"]
[White "Verrascina, Nicola"]
[Black "Quimi, Marco"]
[Result "0-1"]
[WhiteElo "1993"]
[BlackElo "2289"]
[PlyCount "82"]
[EventDate "2007.02.02"]

1. e4 c5 2. Nf3 Nc6 3. Bb5 g6 4. O-O Bg7 5. Re1 Nh6 6. c3 O-O 7. d4 d6 8. Bxc6
bxc6 9. dxc5 dxc5 10. Qxd8 Rxd8 11. Be3 Rb8 12. Bxc5 Rxb2 13. Bxe7 Re8 14. Ba3
Rc2 15. Nd4 Bxd4 16. cxd4 Be6 17. Bc5 a6 18. a4 Rb8 19. Na3 Rcb2 20. Rab1 Ba2
21. Rxb2 Rxb2 22. f3 f6 23. Rc1 Bb3 24. a5 f5 25. Rb1 Rxb1+ 26. Nxb1 fxe4 27.
fxe4 Bc2 28. Nd2 Kf7 29. h3 Ng8 30. Kf2 Nf6 31. Ke3 Ke6 32. Bb4 h5 33. Kf4 Bxe4
34. Nxe4 Nd5+ 35. Kg5 Nxb4 36. Kxg6 Kd5 37. Nf6+ Kxd4 38. Kxh5 c5 39. g4 c4 40.
g5 c3 41. g6 c2 0-1

[Event "VI Weekend Scacchi tra le Torri A"]
[Site "Melegnano ITA"]
[Date "2007.02.02"]
[Round "1"]
[White "Barberi, Alessandro"]
[Black "Agrifoglio, Fabio"]
[Result "1/2-1/2"]
[WhiteElo "2149"]
[BlackElo "2032"]
[PlyCount "78"]
[EventDate "2007.02.02"]

1. d4 d5 2. Nf3 Nf6 3. e3 e6 4. b3 Nbd7 5. Bb2 Bd6 6. Nbd2 O-O 7. Bd3 Qe7 8.
Ne5 c5 9. a3 cxd4 10. exd4 Nb6 11. O-O Bd7 12. f4 Bc6 13. Qe2 Qc7 14. Rf3 a6
15. Rh3 h6 16. g4 Ne4 17. g5 Bxe5 18. dxe5 Bb5 19. gxh6 Qc5+ 20. Kg2 Qxc2 21.
hxg7 Bxd3 22. gxf8=Q+ Kxf8 23. Rxd3 Qxb2 24. Rb1 Qc2 25. Re1 Nc3 26. Qe3 d4 27.
Qxd4 Nbd5 28. Kh1 Rc8 29. f5 Ne2 30. Qe4 Nef4 31. Rd4 Qb2 32. Rc4 Rxc4 33. Nxc4
Qf2 34. fxe6 Ne3 35. e7+ Kg7 36. Rg1+ Qxg1+ 37. Kxg1 Nh3+ 38. Kh1 Nf2+ 39. Kg1
Nh3+ 1/2-1/2

[Event "XIX Weekend"]
[Site "Bergamo ITA"]
[Date "2007.01.13"]
[Round "1"]
[White "Carrara, Diego"]
[Black "Gazzetta, Marco"]
[Result "1-0"]
[WhiteElo "2058"]
[BlackElo "1730"]
[PlyCount "45"]
[EventDate "2007.01.13"]

1. e4 e6 2. Nf3 d5 3. Nc3 d4 4. Ne2 c5 5. Ng3 Nc6 6. Bb5 Bd7 7. O-O Bd6 8. d3
a6 9. Bxc6 Bxc6 10. Ne1 Bxg3 11. hxg3 Ne7 12. f4 f5 13. Qe2 fxe4 14. dxe4 Bb5
15. Qh5+ g6 16. Qe5 Kf7 17. Nd3 Rc8 18. f5 exf5 19. exf5 gxf5 20. Bg5 Bxd3 21.
cxd3 Re8 22. Qf6+ Kg8 23. Bh6 1-0

[Event "XIX Weekend"]
[Site "Bergamo ITA"]
[Date "2007.01.13"]
[Round "1"]
[White "De Palma, Fabrizio"]
[Black "Riva, Carlo"]
[Result "1-0"]
[WhiteElo "1984"]
[BlackElo "1616"]
[PlyCount "41"]
[EventDate "2007.01.13"]

1. e4 c5 2. d4 cxd4 3. c3 dxc3 4. Nxc3 d6 5. Bc4 Nf6 6. e5 dxe5 7. Bxf7+ Kxf7
8. Qxd8 Be6 9. Nf3 Nfd7 10. Ng5+ Kf6 11. Nce4+ Kf5 12. g4+ Kxg4 13. Nxe6 Kf5
14. Nc7 Kxe4 15. Nxa8 g6 16. Qc7 Bg7 17. Qxb7+ Kf5 18. Nc7 g5 19. h4 gxh4 20.
Qf3+ Kg6 21. Rg1# 1-0

[Event "XIX Weekend"]
[Site "Bergamo ITA"]
[Date "2007.01.13"]
[Round "1"]
[White "Di Mauro, Valerio"]
[Black "Johansson, Alexander"]
[Result "0-1"]
[WhiteElo "1649"]
[BlackElo "2018"]
[PlyCount "34"]
[EventDate "2007.01.13"]

1. e4 c5 2. c3 d5 3. exd5 Qxd5 4. d4 Nf6 5. Nf3 Bg4 6. Be2 e6 7. O-O Be7 8. Re1
O-O 9. Be3 Nc6 10. c4 Qh5 11. Nbd2 Rfd8 12. dxc5 Bxc5 13. Bxc5 Qxc5 14. a3 Nd4
15. Nxd4 Rxd4 16. Nb3 Rxd1 17. Nxc5 Rxa1 0-1

[Event "XIX Weekend"]
[Site "Bergamo ITA"]
[Date "2007.01.13"]
[Round "1"]
[White "Elsido, Massimo"]
[Black "Bozzali, Ermanno"]
[Result "0-1"]
[WhiteElo "1745"]
[BlackElo "2062"]
[PlyCount "98"]
[EventDate "2007.01.13"]

1. e4 c5 2. c3 Nf6 3. e5 Nd5 4. d4 cxd4 5. cxd4 e6 6. Nf3 b6 7. Nc3 Nxc3 8.
bxc3 Qc7 9. Qb3 Nc6 10. Qc4 Bb7 11. Bb2 Rc8 12. Be2 Na5 13. Qxc7 Rxc7 14. O-O
Bd5 15. Nd2 Nc4 16. Nxc4 Bxc4 17. Bxc4 Rxc4 18. Rfc1 d5 19. a4 Be7 20. Ba3 Bg5
21. Rc2 Rxa4 22. Raa2 Kd7 23. g3 Rc8 24. f4 Bd8 25. Kf1 Rac4 26. Bb2 a5 27. Ke2
Rxd4 28. Ba1 Rdc4 29. Kd3 b5 30. Rab2 Kc6 31. Rb1 Kb6 32. Rbb2 Ka6 33. Ra2 Bb6
34. Rg2 Re4 35. Rae2 Rxe2 36. Rxe2 Rc4 37. Ra2 g6 38. Bb2 h5 39. Ra1 a4 40. Rf1
Kb7 41. h3 Bc5 42. g4 hxg4 43. hxg4 a3 44. Ba1 g5 45. fxg5 Rxg4 46. Rxf7+ Kc6
47. Rf6 Rxg5 48. Rxe6+ Kd7 49. Ra6 Rg1 0-1

[Event "XIX Weekend"]
[Site "Bergamo ITA"]
[Date "2007.01.13"]
[Round "1"]
[White "Gozzini, Giambattista"]
[Black "Capata, Ion"]
[Result "0-1"]
[WhiteElo "1799"]
[BlackElo "2148"]
[PlyCount "49"]
[EventDate "2007.01.13"]

1. e4 e5 2. Nf3 Nc6 3. Nc3 Nf6 4. Bb5 d6 5. d4 exd4 6. Nxd4 Bd7 7. Bxc6 bxc6 8.
Bg5 h6 9. Bf4 g5 10. Bg3 Bg7 11. O-O O-O 12. Qf3 Rb8 13. Rab1 Rb4 14. Nb3 Bg4
15. Qd3 c5 16. Qd2 Be6 17. f3 Nh5 18. Bf2 Nf4 19. Nd5 Bxd5 20. exd5 Qf6 21. c3
Ra4 22. Qc2 Qg6 23. Qxg6 fxg6 24. Rfd1 Rxa2 25. g3 0-1

[Event "XIX Weekend"]
[Site "Bergamo ITA"]
[Date "2007.01.13"]
[Round "1"]
[White "Impellizzeri, Francesco"]
[Black "Poletti, Fausto"]
[Result "0-1"]
[WhiteElo "1697"]
[BlackElo "2046"]
[PlyCount "56"]
[EventDate "2007.01.13"]

1. d4 Nf6 2. c4 g6 3. Nc3 Bg7 4. e4 d6 5. Nf3 O-O 6. Be2 e5 7. d5 a5 8. O-O Na6
9. Ne1 Nc5 10. f3 Nh5 11. Nd3 Nxd3 12. Bxd3 f5 13. Be3 f4 14. Bf2 b6 15. a3 Rf7
16. Qd2 Bf8 17. b4 g5 18. c5 bxc5 19. bxc5 Rg7 20. Kh1 Nf6 21. cxd6 Bxd6 22.
Be2 h5 23. h3 g4 24. hxg4 hxg4 25. fxg4 Nxg4 26. Bxg4 Bxg4 27. Nb5 Qg5 28. Nxd6
Bf3 0-1

[Event "XIX Weekend"]
[Site "Bergamo ITA"]
[Date "2007.01.13"]
[Round "1"]
[White "Ranfagni, Stefano"]
[Black "Baldinu, Salvatore"]
[Result "1-0"]
[WhiteElo "2046"]
[BlackElo "1691"]
[PlyCount "83"]
[EventDate "2007.01.13"]

1. e4 b6 2. d4 c6 3. f4 d6 4. Nf3 e6 5. Bd3 a6 6. O-O f6 7. c4 Ra7 8. Be3 g6 9.
Nc3 Rg7 10. e5 f5 11. d5 c5 12. Bc2 Be7 13. Ba4+ Kf8 14. Re1 g5 15. fxg5 Bxg5
16. Bxg5 Rxg5 17. Nxg5 Qxg5 18. exd6 Nf6 19. dxe6 Bb7 20. Qc2 Rg8 21. e7+ Kf7
22. e8=Q+ Nxe8 23. Re7+ Kf6 24. Rxb7 Nxd6 25. Rxb6 Qe3+ 26. Kh1 Ke5 27. Qe2
Qxe2 28. Nxe2 Nxc4 29. Bb3 Nxb6 30. Bxg8 h6 31. Rc1 N8d7 32. Kg1 Nf6 33. Bc4 a5
34. Bb5 Ne4 35. Ng3 Nxg3 36. hxg3 Kd4 37. Rd1+ Ke5 38. Kf2 Nd5 39. Rxd5+ Kxd5
40. Ke3 Ke5 41. Bc4 Kf6 42. Kf4 1-0

[Event "XIX Weekend"]
[Site "Bergamo ITA"]
[Date "2007.01.13"]
[Round "1"]
[White "Scanferla, Paolo"]
[Black "Bassis, Ivano"]
[Result "1-0"]
[WhiteElo "1680"]
[BlackElo "2034"]
[PlyCount "71"]
[EventDate "2007.01.13"]

1. e4 d5 2. exd5 Qxd5 3. Nc3 Qa5 4. Bc4 Nf6 5. d3 Nc6 6. Bd2 Qf5 7. Nf3 a6 8.
Qe2 e5 9. O-O-O Bd6 10. h3 O-O 11. g4 Qd7 12. Ne4 Nxe4 13. dxe4 b5 14. Bb3 Bb7
15. g5 Nd4 16. Nxd4 exd4 17. c3 dxc3 18. Bxc3 Qe7 19. f3 Qxg5+ 20. Kb1 Be5 21.
Rhg1 Qf6 22. Bxe5 Qxe5 23. Rg4 c5 24. Rdg1 g6 25. h4 c4 26. Bc2 f6 27. f4 Qe7
28. f5 Rf7 29. fxg6 hxg6 30. Rxg6+ Kh8 31. e5 f5 32. Bxf5 Qxh4 33. R6g4 Qh6 34.
Be4 Bxe4+ 35. Qxe4 Rh7 36. Qxa8+ 1-0

[Event "XIX Weekend"]
[Site "Bergamo ITA"]
[Date "2007.01.13"]
[Round "1"]
[White "Stella, Andrea"]
[Black "Biava, Pierluigi"]
[Result "1-0"]
[WhiteElo "2084"]
[BlackElo "1781"]
[PlyCount "73"]
[EventDate "2007.01.13"]

1. c4 Nf6 2. Nc3 e6 3. d4 Bb4 4. Qc2 Nc6 5. e3 O-O 6. Nf3 b6 7. Bd3 Bb7 8. Bd2
Be7 9. a3 d6 10. O-O Qd7 11. e4 h6 12. d5 Ne5 13. Nxe5 dxe5 14. b4 c5 15. Na4
cxb4 16. axb4 Rfc8 17. Qb3 Nh5 18. Rfd1 Nf4 19. Bf1 exd5 20. Bxf4 exf4 21. exd5
Bd6 22. Rac1 Qe7 23. c5 Be5 24. c6 Bxc6 25. dxc6 Rc7 26. b5 g5 27. Nc3 Bxc3 28.
Rxc3 Rd8 29. Rcd3 Rxd3 30. Rxd3 Kg7 31. Qc3+ Kg6 32. Qd2 Kf6 33. Rd6+ Kg7 34.
Qd4+ f6 35. Rd7 Rxd7 36. cxd7 Qd8 37. Qd6 1-0

[Event "XIX Weekend"]
[Site "Bergamo ITA"]
[Date "2007.01.14"]
[Round "2"]
[White "Agrifoglio, Fabio"]
[Black "Maccarini, Luca Nicola"]
[Result "1-0"]
[WhiteElo "2032"]
[BlackElo "1835"]
[PlyCount "101"]
[EventDate "2007.01.13"]

1. d4 d5 2. c4 c6 3. Nc3 Nf6 4. Bg5 e6 5. cxd5 exd5 6. Qc2 Nbd7 7. e3 h6 8. Bh4
Bd6 9. Bd3 O-O 10. Nge2 Qc7 11. Bg3 a6 12. O-O Re8 13. Nf4 Nf8 14. Rac1 Ne6 15.
Ncxd5 cxd5 16. Qb3 Qa5 17. Nxd5 Qxd5 18. Qxd5 Nxd5 19. Bxd6 Nf6 20. Bb1 Bd7 21.
Rfe1 Rac8 22. Rcd1 Ng5 23. f3 Rc6 24. Ba3 Nd5 25. h4 Nh7 26. Kf2 Nb6 27. b3 Nd5
28. Rd2 Rec8 29. g3 Nc3 30. Bd3 Nf6 31. e4 Nb5 32. Bb2 Nc3 33. d5 R6c7 34. a4
b5 35. a5 Ne8 36. Ba3 Nf6 37. Bd6 Rb7 38. b4 Ne8 39. Bc5 Na4 40. Rc2 Nxc5 41.
bxc5 Rbc7 42. Rec1 Nf6 43. c6 Be8 44. Ke3 Nh7 45. e5 Re7 46. Kd4 f6 47. f4
fxe5+ 48. fxe5 Nf8 49. Bf5 Rd8 50. c7 Ne6+ 51. Bxe6+ 1-0

[Event "XIX Weekend"]
[Site "Bergamo ITA"]
[Date "2007.01.14"]
[Round "2"]
[White "Bozzali, Ermanno"]
[Black "Lanni, Vincenzo"]
[Result "1-0"]
[WhiteElo "2062"]
[BlackElo "1863"]
[PlyCount "69"]
[EventDate "2007.01.13"]

1. e4 g6 2. d4 Bg7 3. Nc3 d6 4. Be3 Nf6 5. h3 O-O 6. Nf3 c6 7. a4 Nbd7 8. Be2
e5 9. dxe5 Nxe5 10. Nxe5 dxe5 11. Bc5 Qxd1+ 12. Rxd1 Re8 13. Bc4 Nd7 14. Be3
Nf8 15. O-O Ne6 16. Nb1 Nf4 17. Rd2 Be6 18. Bxe6 Nxe6 19. Rd7 b6 20. Rfd1 f5
21. f3 f4 22. Bf2 Rad8 23. Rxd8 Rxd8 24. Rxd8+ Nxd8 25. a5 c5 26. Nc3 Nc6 27.
axb6 axb6 28. Nd5 Nb4 29. Nxb4 cxb4 30. Bxb6 Kf7 31. Kf1 Bf8 32. Ke2 Ke6 33.
Kd3 Kd6 34. Kc4 Kc6 35. Ba5 1-0

[Event "XIX Weekend"]
[Site "Bergamo ITA"]
[Date "2007.01.14"]
[Round "2"]
[White "Di Cerbo, Giulia"]
[Black "Stella, Andrea"]
[Result "0-1"]
[WhiteElo "1872"]
[BlackElo "2084"]
[PlyCount "115"]
[EventDate "2007.01.13"]

1. d4 Nf6 2. Nf3 b6 3. Bf4 Bb7 4. e3 Nh5 5. Bg3 Nxg3 6. hxg3 c5 7. c3 e6 8.
Nbd2 Be7 9. Bd3 h6 10. Qe2 d6 11. dxc5 bxc5 12. e4 Nd7 13. O-O Qc7 14. Rad1 O-O
15. Rfe1 Rfd8 16. Bb1 Rab8 17. Nb3 Ba8 18. Qc2 Nf6 19. e5 dxe5 20. Rxd8+ Bxd8
21. Nxe5 c4 22. Nd4 Qb7 23. Ndf3 Qxb2 24. Qxb2 Rxb2 25. Nxc4 Rb8 26. Bd3 Nd5
27. Rc1 Rc8 28. Nfe5 Bf6 29. Nxf7 Rxc4 30. Nxh6+ gxh6 31. Bxc4 Kf7 32. Re1 Bxc3
33. Rb1 Nb6 34. Bb3 Bd5 35. Rc1 Be5 36. Rc5 Bxb3 37. axb3 Nd5 38. Ra5 Bd4 39.
Kf1 Kf6 40. Ke2 Bb6 41. Ra1 Ke5 42. Rh1 Nc3+ 43. Kf1 Ne4 44. Rxh6 Nxf2 45. Rh5+
Kf6 46. Rh4 Nd3 47. Rh6+ Kf5 48. Rh5+ Kg6 49. Rb5 Nc5 50. Ke2 Ne4 51. Kf3 Nd6
52. Rb4 Nf5 53. Rg4+ Kf6 54. Rc4 Nd4+ 55. Kg4 Nxb3 56. Kh4 Nd4 57. g4 Kg6 58.
Rc1 0-1

[Event "XIX Weekend"]
[Site "Bergamo ITA"]
[Date "2007.01.14"]
[Round "2"]
[White "Johansson, Alexander"]
[Black "Tentori, Giulio"]
[Result "1-0"]
[WhiteElo "2018"]
[BlackElo "1808"]
[PlyCount "81"]
[EventDate "2007.01.13"]

1. d4 Nf6 2. Nf3 g6 3. Nc3 Bg7 4. e4 d6 5. Be2 c6 6. O-O O-O 7. h3 Qc7 8. Be3
Nbd7 9. Qd2 Re8 10. a4 e5 11. dxe5 dxe5 12. Rfd1 b6 13. Bc4 Nf8 14. Bh6 Be6 15.
Bxg7 Kxg7 16. Qe2 Rad8 17. Ng5 Bxc4 18. Qxc4 h6 19. Nf3 Ne6 20. b4 Ng8 21. b5
c5 22. Rd5 Nd4 23. Ne1 Ne7 24. Rxd8 Rxd8 25. a5 Nc8 26. Nd5 Qd6 27. c3 Ne6 28.
Nc2 bxa5 29. Qa2 c4 30. Nce3 Nb6 31. Nxc4 Nxc4 32. Qxc4 Qc5 33. Qa4 Ng5 34.
Qxa5 Nxe4 35. Qxd8 Qxf2+ 36. Kh1 Ng3+ 37. Kh2 Ne4 38. Qe7 Qg3+ 39. Kg1 Qf2+ 40.
Kh1 Qg3 41. Rf1 1-0

[Event "XIX Weekend"]
[Site "Bergamo ITA"]
[Date "2007.01.14"]
[Round "2"]
[White "Marino, Marco"]
[Black "Carrara, Diego"]
[Result "1/2-1/2"]
[WhiteElo "1860"]
[BlackElo "2058"]
[PlyCount "61"]
[EventDate "2007.01.13"]

1. e4 b6 2. d4 Bb7 3. Nc3 e6 4. Nf3 Bb4 5. Bd3 d6 6. O-O Bxc3 7. bxc3 Ne7 8.
Re1 O-O 9. c4 Nd7 10. Ba3 Rc8 11. e5 Bxf3 12. Qxf3 Nb8 13. Be4 c5 14. exd6 Qxd6
15. dxc5 bxc5 16. Bb2 Nbc6 17. Rad1 Qc7 18. Rd3 Ng6 19. Qh5 Nce7 20. Rh3 h6 21.
Bxg7 Kxg7 22. Qxh6+ Kf6 23. f4 Rh8 24. Qg5+ Kg7 25. Rg3 Nf5 26. Bxf5 exf5 27.
Re7 Qd6 28. h4 Qf6 29. Rxa7 Qxg5 30. Rxg5 Ra8 31. Rc7 1/2-1/2

[Event "XIX Weekend"]
[Site "Bergamo ITA"]
[Date "2007.01.14"]
[Round "2"]
[White "Marrone, Vincenzo"]
[Black "Basletta, Giovanni"]
[Result "1-0"]
[WhiteElo "1966"]
[BlackElo "1389"]
[PlyCount "65"]
[EventDate "2007.01.13"]

1. e4 e6 2. d4 d5 3. Nd2 c5 4. exd5 exd5 5. Ngf3 Nf6 6. Bb5+ Bd7 7. Qe2+ Be7 8.
O-O O-O 9. Bxd7 Nbxd7 10. dxc5 Bxc5 11. Nb3 Re8 12. Qd3 b6 13. Bg5 Qc7 14. c3
Ne5 15. Nxe5 Qxe5 16. Bxf6 Qxf6 17. Nxc5 bxc5 18. Qxd5 Rac8 19. Rad1 g6 20. h3
Qb6 21. Qd2 Qa6 22. b3 Re2 23. Qg5 Qxa2 24. Rd8+ Rxd8 25. Qxd8+ Kg7 26. Qd5 Qa3
27. Rd1 Qb2 28. Qxc5 Qxb3 29. Rd7 Re1+ 30. Kh2 Qb8+ 31. g3 Qe8 32. Qd4+ Kg8 33.
Rd8 1-0

[Event "XIX Weekend"]
[Site "Bergamo ITA"]
[Date "2007.01.14"]
[Round "2"]
[White "Paniga, Danilo"]
[Black "De Palma, Fabrizio"]
[Result "1/2-1/2"]
[WhiteElo "1821"]
[BlackElo "1984"]
[PlyCount "95"]
[EventDate "2007.01.13"]

1. d4 Nf6 2. Nf3 c5 3. e3 d5 4. c3 e6 5. Bd3 Be7 6. Nbd2 O-O 7. O-O b6 8. e4
dxe4 9. Nxe4 Bb7 10. Qe2 Nbd7 11. Bf4 cxd4 12. Nxf6+ Nxf6 13. Nxd4 Bc5 14. Nc2
Qd5 15. Ne1 Rad8 16. Bc4 Qf5 17. Be3 Rd6 18. Bxc5 Qxc5 19. Nc2 Rfd8 20. Rfc1
Rd2 21. Rd1 Qc6 22. Ne3 R2d6 23. Rxd6 Rxd6 24. Rd1 g6 25. Rxd6 Qxd6 26. Qd3
Qxd3 27. Bxd3 Kf8 28. f3 Ke7 29. Kf2 Nd7 30. Nc2 e5 31. Ke3 f5 32. Bc4 Kd6 33.
Nb4 a5 34. Nd3 Bd5 35. Bxd5 Kxd5 36. Nf2 Kc4 37. g4 a4 38. Kd2 Nc5 39. Kc2 f4
40. g5 Kd5 41. Nd3 Ne6 42. Nb4+ Kd6 43. h4 Ng7 44. Kd3 Nf5 45. Ke4 Ke6 46. Nc6
Nd6+ 47. Kd3 Nf5 48. Ke4 1/2-1/2

[Event "XIX Weekend"]
[Site "Bergamo ITA"]
[Date "2007.01.14"]
[Round "2"]
[White "Poletti, Fausto"]
[Black "Mazzotti, Federico"]
[Result "1-0"]
[WhiteElo "2046"]
[BlackElo "1857"]
[PlyCount "81"]
[EventDate "2007.01.13"]

1. Nf3 Nf6 2. c4 g6 3. Nc3 Bg7 4. d4 O-O 5. e4 d6 6. Be2 e5 7. dxe5 dxe5 8.
Qxd8 Rxd8 9. Bg5 Re8 10. h3 c6 11. O-O-O h6 12. Be3 Nbd7 13. Nh2 Nf8 14. Ng4
Bxg4 15. hxg4 g5 16. Bf3 Ne6 17. Ne2 Rad8 18. Ng3 Rxd1+ 19. Rxd1 Nd4 20. Nf5
Nxf5 21. exf5 a6 22. Be2 b5 23. f3 Rc8 24. Kb1 Bf8 25. b3 Ne8 26. Rd7 bxc4 27.
Bxc4 Nd6 28. Bxa6 Ra8 29. Bd3 Nb5 30. Bxb5 cxb5 31. Rd5 b4 32. Rxe5 Rd8 33. Re4
Rd1+ 34. Kc2 Ra1 35. Re8 Rxa2+ 36. Kd3 Ra5 37. f6 Rd5+ 38. Kc4 Rd1 39. Bd4 Rd2
40. Rd8 Rxg2 41. Kd3 1-0

[Event "XIX Weekend"]
[Site "Bergamo ITA"]
[Date "2007.01.14"]
[Round "2"]
[White "Romano, Zeno"]
[Black "Ranfagni, Stefano"]
[Result "1-0"]
[WhiteElo "1850"]
[BlackElo "2046"]
[PlyCount "61"]
[EventDate "2007.01.13"]

1. e4 e6 2. d4 d5 3. e5 c5 4. c3 Nc6 5. Nf3 Bd7 6. Be2 cxd4 7. cxd4 Rc8 8. O-O
Nge7 9. Be3 Qb6 10. Qd2 Nf5 11. Nc3 Bb4 12. Rac1 O-O 13. Bd3 Na5 14. g4 Nxe3
15. fxe3 Nc4 16. Qg2 g6 17. Qh3 Be7 18. Qh6 Qxb2 19. Rc2 Qb6 20. h4 Rfe8 21. h5
Bf8 22. Qf4 Re7 23. Ng5 Bh6 24. Rh2 Nxe5 25. Qxe5 Bg7 26. Qf4 Rxc3 27. hxg6
hxg6 28. Bxg6 fxg6 29. Rh8+ Kxh8 30. Qh2+ Bh6 31. Qxh6+ 1-0

[Event "XIX Weekend"]
[Site "Bergamo ITA"]
[Date "2007.01.14"]
[Round "3"]
[White "Cammarota, Vittorio"]
[Black "Bassis, Ivano"]
[Result "1-0"]
[WhiteElo "1895"]
[BlackElo "2034"]
[PlyCount "53"]
[EventDate "2007.01.13"]

1. Nf3 Nf6 2. d4 c5 3. e3 d5 4. Nbd2 e6 5. b3 cxd4 6. exd4 Nc6 7. Bd3 Bd6 8. a3
O-O 9. Bb2 b6 10. O-O Bb7 11. Qe2 Qe7 12. Ne5 Rfe8 13. f4 Nd7 14. Qh5 Nf8 15.
f5 Nxe5 16. dxe5 Bc5+ 17. Kh1 exf5 18. Qxf5 Qe6 19. Qg5 Be7 20. Qg3 Ng6 21. Bf5
Qc6 22. Nf3 Bc8 23. Nd4 Qb7 24. e6 fxe6 25. Bxg6 hxg6 26. Qxg6 Bf8 27. Qxe8 1-0

[Event "XIX Weekend"]
[Site "Bergamo ITA"]
[Date "2007.01.14"]
[Round "3"]
[White "Carrara, Diego"]
[Black "Paniga, Danilo"]
[Result "1/2-1/2"]
[WhiteElo "2058"]
[BlackElo "1821"]
[PlyCount "59"]
[EventDate "2007.01.13"]

1. e4 d6 2. d4 Nf6 3. Bd3 e5 4. c3 c6 5. Ne2 Be7 6. O-O O-O 7. f4 exd4 8. cxd4
Nbd7 9. Nbc3 Re8 10. e5 dxe5 11. fxe5 Nd5 12. Nxd5 cxd5 13. Kh1 Nf8 14. Nf4 Ne6
15. Nxe6 Bxe6 16. Qh5 g6 17. Qe2 a6 18. Be3 Bf8 19. Rac1 Rc8 20. Qd2 Qb6 21. a3
Bg7 22. b4 Bd7 23. Qf2 Rf8 24. Rxc8 Bxc8 25. Bg5 Be6 26. Bf6 Rc8 27. Qb2 Bh6
28. Be7 Qc7 29. Bc5 b6 30. Bxa6 1/2-1/2

[Event "XIX Weekend"]
[Site "Bergamo ITA"]
[Date "2007.01.14"]
[Round "3"]
[White "De Palma, Fabrizio"]
[Black "Marino, Marco"]
[Result "1-0"]
[WhiteElo "1984"]
[BlackElo "1860"]
[PlyCount "85"]
[EventDate "2007.01.13"]

1. e4 d5 2. exd5 Qxd5 3. Nc3 Qa5 4. Nf3 Nf6 5. d4 c6 6. Bd3 Bg4 7. O-O e6 8. h3
Bh5 9. Re1 Bb4 10. Bd2 O-O 11. a3 Bxc3 12. Bxc3 Qc7 13. b3 Nbd7 14. Bb2 Bg6 15.
Bxg6 hxg6 16. c4 Rfd8 17. Qe2 c5 18. Rad1 Re8 19. Qe3 Rac8 20. Rd2 b6 21. Red1
Qb7 22. Ng5 cxd4 23. Rxd4 e5 24. Rd6 Re7 25. Qg3 Rce8 26. Qh4 Nf8 27. a4 Ne6
28. Nxe6 Rxe6 29. Rxe6 Rxe6 30. Rd8+ Re8 31. Rxe8+ Nxe8 32. Qd8 Qc6 33. Bxe5
Qe6 34. Bb8 a5 35. Bc7 Kh7 36. Bxb6 Qe1+ 37. Kh2 Nf6 38. Qd4 g5 39. c5 Qe6 40.
Qe3 Qd5 41. f3 g6 42. Bxa5 Nh5 43. Bd2 1-0